[Event "5eme Open de St Chely d'Aubrac"]
[Site "St-Chely d'Aubrac"]
[Date "2005.07.10"]
[Round "2.3"]
[White "Ritzenthaler, Stephane"]
[Black "Riff, Jean-Noel"]
[Result "0-1"]
[WhiteElo "2037"]
[BlackElo "2416"]
[PlyCount "86"]
[EventDate "2005.07.??"]

1. e4 c5 2. Nc3 Nc6 3. f4 e6 4. Nf3 a6 5. a4 d5 6. d3 Nf6 7. Be2 Be7 8. O-O O-O
9. Qe1 Nd4 10. Nxd4 cxd4 11. Nb1 dxe4 12. dxe4 Nxe4 13. Bxa6 Nc5 14. Bb5 Bd7
15. Bxd7 Qxd7 16. a5 d3 17. cxd3 Nxd3 18. Qe2 Nxc1 19. Rxc1 Bb4 20. Rd1 Qc7 21.
Qb5 Bxa5 22. Nc3 h6 23. Ra4 Bxc3 24. Rd7 Qc8 25. Rxa8 Qxa8 26. bxc3 Qa1+ 27.
Kf2 Qxc3 28. Qxb7 Qc2+ 29. Kg3 Rc8 30. h3 Rc3+ 31. Kh2 Qg6 32. Qb8+ Kh7 33. Rd1
Qg3+ 34. Kh1 Rc2 35. Rg1 Rf2 36. Qb1+ g6 37. f5 Rxf5 38. Rf1 Qg5 39. Rxf5 Qxf5
40. Qxf5 gxf5 41. g3 Kg6 42. Kg2 h5 43. Kf3 h4 0-1

[Event "5eme Open de St Chely d'Aubrac"]
[Site "St-Chely d'Aubrac"]
[Date "2005.07.10"]
[Round "2.4"]
[White "Vidalinc, Jean-Louis"]
[Black "Moingt, Jean-Claude"]
[Result "1/2-1/2"]
[WhiteElo "1986"]
[BlackElo "2292"]
[PlyCount "76"]
[EventDate "2005.07.??"]

1. e4 c5 2. c3 d6 3. d4 Nf6 4. dxc5 Nc6 5. cxd6 Nxe4 6. Nf3 Qxd6 7. Qxd6 Nxd6
8. Bf4 e6 9. Nbd2 f6 10. Bxd6 Bxd6 11. Be2 Ke7 12. O-O Bc7 13. Rad1 b6 14. Rfe1
Rd8 15. Nb3 Rxd1 16. Rxd1 e5 17. Nbd2 Bb7 18. Nf1 Rd8 19. Rxd8 Nxd8 20. Ne3 Ne6
21. g3 g6 22. Nd2 {#} 22... Nc5 (22... f5 $1) 23. Bc4 Bd8 24. b4 Ne4 25. Nxe4
Bxe4 26. Kf1 f5 27. Ke2 Kd6 28. f3 Bc6 29. Bg8 Ke7 30. c4 Kf8 31. Be6 Be7 32.
b5 Be8 33. Nd5 Bd8 34. Nb4 Ke7 35. Bg8 Kf8 36. Be6 Ke7 37. Bg8 Kf8 38. Be6 Ke7
1/2-1/2

[Event "5eme Open de St Chely d'Aubrac"]
[Site "St-Chely d'Aubrac"]
[Date "2005.07.10"]
[Round "2.5"]
[White "Riff, Vincent"]
[Black "Boulier, Rene"]
[Result "1-0"]
[WhiteElo "2269"]
[BlackElo "1996"]
[PlyCount "55"]
[EventDate "2005.07.??"]

1. Nf3 d5 2. e3 Bg4 3. c4 dxc4 4. Bxc4 Nf6 5. Bxf7+ Kxf7 6. Ne5+ Kg8 7. Nxg4 h5
8. Nxf6+ exf6 9. Qb3+ Kh7 10. Qxb7 Nd7 11. d4 Bd6 12. Nc3 a6 13. Qf3 g6 14. h3
Rf8 15. Bd2 Rb8 16. Rb1 c5 17. Ne4 Be7 18. Bc3 cxd4 19. exd4 f5 20. Nd2 Nf6 21.
O-O Nd5 22. Nc4 Bd6 23. Ne5 Nf6 24. Nc6 Qb6 25. Nxb8 Bxb8 26. Rfe1 Qd6 27. g3
h4 28. Qb7+ 1-0

[Event "5eme Open de St Chely d'Aubrac"]
[Site "St-Chely d'Aubrac"]
[Date "2005.07.10"]
[Round "2.6"]
[White "Nass, Emile"]
[Black "Riff, Sebastien"]
[Result "0-1"]
[WhiteElo "1984"]
[BlackElo "2216"]
[PlyCount "80"]
[EventDate "2005.07.??"]

1. d4 Nf6 2. Nf3 g6 3. g3 Bg7 4. Bg2 O-O 5. O-O d6 6. c4 Nc6 7. Nc3 a6 8. e4
Rb8 9. h3 b5 10. e5 Ne8 11. exd6 cxd6 12. cxb5 axb5 13. a3 b4 14. axb4 Nxb4 15.
Be3 Bf5 16. Ra7 Nc7 17. Qa4 Ncd5 18. Bd2 Bc2 19. Qa5 Qxa5 20. Rxa5 Nb6 21. Ra7
Rfe8 22. Re1 Kf8 23. Rc1 Bb3 24. Ne4 Nc4 25. Bc3 Nd3 26. Rca1 Ndxb2 27. Nfd2
Nxd2 28. Nxd2 Be6 29. Rc7 d5 30. Raa7 Nd1 31. Nf3 Nxc3 32. Rxc3 Rb4 33. Ng5
Bxd4 34. Nxe6+ fxe6 35. Rf3+ Kg7 36. Rd7 Rb2 37. h4 Bf6 38. Re3 Rb6 39. Bh3 Kf7
40. Re2 Rd6 0-1

[Event "5eme Open de St Chely d'Aubrac"]
[Site "St-Chely d'Aubrac"]
[Date "2005.07.10"]
[Round "2.7"]
[White "Coste, Thierry"]
[Black "Rabier, Jean"]
[Result "1-0"]
[WhiteElo "2200"]
[BlackElo "1985"]
[PlyCount "55"]
[EventDate "2005.07.??"]

1. e4 c5 2. Nc3 Nc6 3. Nf3 g6 4. d4 cxd4 5. Nxd4 Bg7 6. Nb3 d6 7. Be2 Nf6 8.
O-O O-O 9. Bg5 a5 10. a4 Be6 11. Kh1 Rc8 12. f4 Nd7 13. Nb5 Bxb3 14. cxb3 Nc5
15. Bf3 Ne6 16. Bg4 Rb8 17. Bxe6 fxe6 18. Qg4 Qd7 19. Rad1 Rbd8 20. e5 d5 21.
Rf3 Rf7 22. Rg3 Rdf8 23. Kg1 Rf5 24. h4 Kh8 25. h5 gxh5 26. Qxh5 Qe8 27. Qxe8
Rxe8 28. Nc7 1-0

[Event "5eme Open de St Chely d'Aubrac"]
[Site "St-Chely d'Aubrac"]
[Date "2005.07.10"]
[Round "2.8"]
[White "Tassetti, Matthieu"]
[Black "Deschler, Fabrice"]
[Result "1/2-1/2"]
[WhiteElo "1956"]
[BlackElo "2167"]
[PlyCount "53"]
[EventDate "2005.07.??"]

1. Nf3 Nf6 2. g3 g6 3. Bg2 Bg7 4. O-O O-O 5. d3 d5 6. c3 c6 7. Nbd2 Na6 8. Qc2
Re8 9. e4 e5 10. a4 Nc5 11. b4 dxe4 12. dxe4 Qd3 13. Ne1 Qxc2 14. Nxc2 Ncd7 15.
Nc4 Nf8 16. N2e3 Ng4 17. Nd6 Nxe3 18. Bxe3 Rd8 19. Rfd1 Bf6 20. Rd2 Be7 21.
Rad1 Bxd6 22. Rxd6 Rxd6 23. Rxd6 Be6 24. Bf1 a6 25. Bg5 Kg7 26. h4 Re8 27. Kh2
1/2-1/2

[Event "5eme Open de St Chely d'Aubrac"]
[Site "St-Chely d'Aubrac"]
[Date "2005.07.10"]
[Round "2.9"]
[White "Chaplin, Erik"]
[Black "Gaftarnik, Olivier"]
[Result "1-0"]
[WhiteElo "2148"]
[BlackElo "1965"]
[PlyCount "57"]
[EventDate "2005.07.??"]

1. b3 e5 2. Bb2 Nc6 3. e3 Nf6 4. c4 Be7 5. Nc3 d5 6. cxd5 Nxd5 7. a3 O-O 8. Qc2
Nxc3 9. Bxc3 Bf6 10. Bd3 h6 11. Ne2 Be6 12. O-O a6 13. b4 Qd6 14. Ng3 Qd8 15.
Nh5 Be7 16. f4 Bg4 17. Ng3 exf4 18. Rxf4 Be6 19. Nf5 Bg5 20. Nxg7 Re8 21. Bh7+
Kf8 22. Nh5 Qd6 23. Bg7+ Ke7 24. Bf6+ Kf8 25. Bxg5 hxg5 26. Rf6 Ne5 27. h3 Rad8
28. d4 Nc4 29. Qf2 1-0

[Event "5eme Open de St Chely d'Aubrac"]
[Site "St-Chely d'Aubrac"]
[Date "2005.07.10"]
[Round "2.10"]
[White "Lengert, Martin"]
[Black "Soyer, Jean-Yves"]
[Result "0-1"]
[WhiteElo "1913"]
[BlackElo "2146"]
[PlyCount "122"]
[EventDate "2005.07.??"]

1. d4 Nf6 2. c4 g6 3. Nf3 Bg7 4. Nc3 O-O 5. Bf4 c5 6. d5 d6 7. e4 a6 8. h3 b5
9. Qc2 b4 10. Nd1 e5 11. Bd2 a5 12. a3 Ra6 13. Bd3 Nh5 14. axb4 axb4 15. Rxa6
Nxa6 16. O-O f5 17. exf5 gxf5 18. Ng5 Nc7 19. Be2 Nf6 20. Ne3 Nfe8 21. Nd1 e4
22. f3 Bd4+ 23. Kh1 e3 24. Bxe3 Bxe3 25. Nxh7 Kxh7 26. Nxe3 Qe7 27. Qd2 Ng7 28.
Bd3 Kg8 29. Re1 Qg5 30. Qc2 {(=)} 30... Re8 31. Qf2 Nh5 32. Nf1 Qf6 33. Ra1 Re7
34. Ne3 f4 35. Nf1 Ng7 36. Rb1 Bf5 37. Qd2 Bxd3 38. Qxd3 Qf5 39. Qd1 Nh5 40.
Ra1 Ng7 41. Nh2 Qe5 42. Ng4 Qxb2 43. Ra7 Qc3 44. Kh2 b3 45. Rb7 Qc2 46. Qa1
Nge8 47. Nh6+ Kh7 48. Ng4 Re2 49. Nf6+ Nxf6 50. Rxc7+ Kg6 51. Qf1 b2 52. Rb7
Rf2 53. Qg1 Rd2 54. Rb6 Kf5 55. h4 Nd7 56. Rb7 Ne5 57. Kh3 Rd1 58. Qh2 b1=Q 59.
Rh7 Rh1 60. Rh5+ Kf6 61. Rh6+ Kg7 0-1

[Event "5eme Open de St Chely d'Aubrac"]
[Site "St-Chely d'Aubrac"]
[Date "2005.07.10"]
[Round "2.11"]
[White "Lagunes, Jean-Renaud"]
[Black "Joli, Laurent"]
[Result "1-0"]
[WhiteElo "2131"]
[BlackElo "1938"]
[PlyCount "63"]
[EventDate "2005.07.??"]

1. e4 e5 2. Nf3 Nc6 3. Bb5 a6 4. Ba4 Nf6 5. Qe2 b5 6. Bb3 Be7 7. c3 Bb7 8. O-O
O-O 9. Rd1 Qc8 10. d4 d6 11. h3 Na5 12. Bc2 Nd7 13. a4 c6 14. Nbd2 c5 15. dxe5
Nxe5 16. Nxe5 dxe5 17. axb5 axb5 18. Qxb5 Qc7 19. Nc4 Nc6 20. Rxa8 Bxa8 21. Qb6
Qc8 22. Be3 Qe6 23. Qa6 Rb8 24. b3 Bb7 25. Qa3 Ra8 26. Qb2 Nd8 27. Ra1 Rb8 28.
Bd3 Bxe4 29. Bxe4 Qxc4 30. bxc4 Rxb2 31. Ra8 Kf8 32. Rc8 1-0

[Event "5eme Open de St Chely d'Aubrac"]
[Site "St-Chely d'Aubrac"]
[Date "2005.07.10"]
[Round "2.12"]
[White "De Biasi, Robert"]
[Black "Laine, Patrice"]
[Result "1/2-1/2"]
[WhiteElo "1895"]
[BlackElo "2082"]
[PlyCount "93"]
[EventDate "2005.07.??"]

1. c4 e6 2. g3 d5 3. cxd5 exd5 4. Bg2 Nf6 5. d4 c6 6. Nf3 Bd6 7. Nc3 O-O 8. O-O
Bf5 9. Bg5 Nbd7 10. Re1 Re8 11. Nh4 Bg4 12. h3 Bh5 13. Qd3 h6 14. Bxf6 Qxf6 15.
e4 Bg6 16. Nxg6 Qxg6 17. Re3 dxe4 18. Bxe4 Qh5 19. Bg2 Rxe3 20. Qxe3 Nf6 21.
Ne4 Nxe4 22. Qxe4 Qb5 23. b3 Rd8 24. Bf1 Qa5 25. Qf3 Be7 26. Bc4 Bf6 27. Rd1
Qxa2 28. Qh5 Rd7 29. Re1 Kf8 30. Qc5+ Be7 31. Qf5 Ke8 32. Qxf7+ Kd8 33. Qxg7
Qd2 34. Qe5 Bd6 35. Qf6+ Be7 36. Qh8+ Kc7 37. Re2 Qd1+ 38. Kg2 b5 39. Qe8 bxc4
40. Rxe7 Qxd4 41. bxc4 Rxe7 42. Qxe7+ Kb6 43. Qb4+ Kc7 44. h4 Qe4+ 45. Kf1 Qh1+
46. Ke2 Qe4+ 47. Kf1 1/2-1/2

[Event "5eme Open de St Chely d'Aubrac"]
[Site "St-Chely d'Aubrac"]
[Date "2005.07.10"]
[Round "2.13"]
[White "Capron, Daniel"]
[Black "Chokbengboun, Thomas"]
[Result "0-1"]
[WhiteElo "2070"]
[BlackElo "1900"]
[PlyCount "73"]
[EventDate "2005.07.??"]

1. e4 e6 2. Nf3 d5 3. e5 c5 4. b4 cxb4 5. d4 Nc6 6. a3 Qb6 7. axb4 Bxb4+ 8. c3
Be7 9. Bd3 f6 10. O-O a6 11. Na3 Bd7 12. Nh4 g6 13. Nf3 Rc8 14. Re1 fxe5 15.
dxe5 Bc5 16. Qc2 Nge7 17. Bg5 Rf8 18. Bf6 Nf5 19. Reb1 Qc7 20. Qe2 Be7 21. Bxf5
gxf5 22. Ng5 Kd8 23. c4 Bxf6 24. exf6 Rxf6 25. cxd5 Nd4 26. Qe3 Qc3 27. Qe5 Rg6
28. h4 h6 29. Qh8+ Be8 30. Nf7+ Ke7 31. h5 Nf3+ 32. Kh1 Qxh8 33. Nxh8 Rg8 34.
Rxb7+ Kf6 35. gxf3 Bxh5 36. Rb3 Rxh8 37. dxe6 $138 0-1

[Event "5eme Open de St Chely d'Aubrac"]
[Site "St-Chely d'Aubrac"]
[Date "2005.07.10"]
[Round "2.14"]
[White "Missinger, Karl"]
[Black "Desboeufs, Alexandre"]
[Result "0-1"]
[WhiteElo "1099"]
[BlackElo "2052"]
[PlyCount "64"]
[EventDate "2005.07.??"]

1. d4 e6 2. Nc3 Nf6 3. e3 d5 4. Bd3 Bd6 5. Nf3 O-O 6. O-O Nbd7 7. Nb5 a6 8.
Nxd6 cxd6 9. Bd2 b5 10. c3 Bb7 11. h3 e5 12. dxe5 dxe5 13. Be2 Ne4 14. Qc2 Rc8
15. Bd3 f5 16. Bxe4 dxe4 17. Ne1 Nc5 18. b4 Ne6 19. Bc1 Qe7 20. Qd2 Rfd8 21.
Qe2 Bd5 22. Bb2 Bc4 23. Qc2 Bxf1 24. Kxf1 Rc4 25. Qb3 f4 26. exf4 exf4 27. g3
fxg3 28. fxg3 Qf6+ 29. Ke2 Qg5 30. Kf2 Rd2+ 31. Kf1 Qxg3 32. Bc1 Qf2# 0-1

[Event "5eme Open de St Chely d'Aubrac"]
[Site "St-Chely d'Aubrac"]
[Date "2005.07.10"]
[Round "2.15"]
[White "Boudre, Jean-Pierre"]
[Black "Richard, Emma"]
[Result "1-0"]
[WhiteElo "2359"]
[BlackElo "1870"]
[PlyCount "59"]
[EventDate "2005.07.??"]

1. e4 c5 2. Nf3 Nc6 3. Bb5 Nf6 4. Nc3 Qc7 5. O-O Nd4 6. Nxd4 cxd4 7. Nd5 Nxd5
8. exd5 Qc5 9. c4 a6 10. b4 Qxb4 11. Ba4 b5 12. Bc2 g6 13. Rb1 Qc5 14. Qf3 Rb8
15. d3 Bg7 16. Bd2 b4 17. a3 a5 18. axb4 axb4 19. Rb3 O-O 20. Rfb1 Qa7 21. Bxb4
Ba6 22. Bxe7 Rxb3 23. Rxb3 Re8 24. d6 Bf8 25. Qf6 Qc5 26. h4 Bxe7 27. dxe7 Bxc4
28. dxc4 Qxc4 29. Rf3 Qe6 30. Qxd4 1-0

[Event "5eme Open de St Chely d'Aubrac"]
[Site "St-Chely d'Aubrac"]
[Date "2005.07.10"]
[Round "2.16"]
[White "Colandrea, Sauveur"]
[Black "Ballandras, Marc"]
[Result "1/2-1/2"]
[WhiteElo "1874"]
[BlackElo "1810"]
[PlyCount "64"]
[EventDate "2005.07.??"]

1. d4 d5 2. c4 dxc4 3. Nf3 Nf6 4. e3 e6 5. Bxc4 c5 6. O-O cxd4 7. exd4 Be7 8.
Nc3 O-O 9. Bg5 Nc6 10. Qd2 b6 11. Rad1 Bb7 12. Qf4 Nb4 13. Bxf6 Bxf6 14. Ne4
Bxe4 15. Qxe4 Nd5 16. Ne5 Rc8 17. Bd3 g6 18. f4 Bxe5 19. fxe5 Qg5 20. Rde1 Rc7
21. a3 Qd2 22. Re2 Qa5 23. h4 Rfc8 24. Qf3 Qa4 25. Re4 Qe8 26. Ree1 Qf8 27. h5
Qh6 28. hxg6 hxg6 29. Ba6 Rd8 30. Bd3 Rdc8 31. Ba6 Rd8 32. Bd3 Rdc8 1/2-1/2

[Event "5eme Open de St Chely d'Aubrac"]
[Site "St-Chely d'Aubrac"]
[Date "2005.07.10"]
[Round "2.18"]
[White "Baudry, Alain"]
[Black "Lagunes, Robin"]
[Result "1-0"]
[WhiteElo "1785"]
[BlackElo "1560"]
[PlyCount "135"]
[EventDate "2005.07.??"]

1. d4 d5 2. c4 e6 3. Nc3 Nf6 4. Bg5 Nbd7 5. Nf3 c6 6. cxd5 exd5 7. e3 Bb4 8. a3
Bxc3+ 9. bxc3 O-O 10. Bd3 Re8 11. O-O h6 12. Bh4 Nf8 13. h3 Be6 14. Re1 N8d7
15. Nd2 Qa5 16. Qc2 a6 17. f4 Nf8 18. a4 Rac8 19. Nb3 Qc7 20. Nc5 a5 21. Rab1
b6 22. Nxe6 Nxe6 23. Bg3 Re7 24. Qf2 Qa7 25. Qc2 Rce8 26. Bh4 c5 27. Bb5 Rc8
28. Bxf6 gxf6 29. Qf5 Qc7 30. Qxd5 cxd4 31. cxd4 Ng7 32. Qf3 Qd6 33. Qg4 f5 34.
Qf3 Rc3 35. Rbc1 Rb3 36. Rc6 Qa3 37. Rxh6 Rbxe3 38. Rxe3 Qxe3+ 39. Qxe3 Rxe3
40. Rxb6 Re4 41. d5 Rxf4 42. d6 Rd4 43. d7 Ne6 44. Rb8+ Kg7 45. Ra8 Kf6 46.
Rxa5 f4 47. Ra8 Ke7 48. Rc8 Nd8 49. Kf2 Rb4 50. Kf3 Rb2 51. h4 Rd2 52. Rc5 Ne6
53. Re5 f6 54. Re2 Rd4 55. h5 Kf7 56. Rc2 Ng5+ 57. Kf2 Ne4+ 58. Ke1 Ng5 59. Rc8
Ne6 60. Re8 f5 61. h6 f3 62. gxf3 Rh4 63. d8=Q Nxd8 64. Rxd8 Rxh6 65. a5 Re6+
66. Kf2 Re5 67. Bc4+ Ke7 68. Rd5 1-0

[Event "5eme Open de St Chely d'Aubrac"]
[Site "St-Chely d'Aubrac"]
[Date "2005.07.10"]
[Round "2.19"]
[White "Ballandras, Renaud"]
[Black "Lagunes, Matthieu"]
[Result "1/2-1/2"]
[WhiteElo "1560"]
[BlackElo "1780"]
[PlyCount "51"]
[EventDate "2005.07.??"]

1. e4 c5 2. d4 cxd4 3. c3 dxc3 4. Nxc3 Nc6 5. Nf3 d6 6. Bc4 Bg4 7. Bxf7+ Kxf7
8. Ng5+ Ke8 9. Qxg4 Nf6 10. Qd1 Qd7 11. O-O h6 12. Nf3 g5 13. Be3 Bg7 14. Nd4
Nxd4 15. Bxd4 e5 16. Be3 Ke7 17. Rc1 b6 18. Nd5+ Nxd5 19. Qxd5 Rac8 20. f3 Rxc1
21. Bxc1 Rc8 22. Bd2 Qc6 23. Qxc6 Rxc6 24. Bb4 Ke6 25. Rd1 Bf8 26. Kf1 1/2-1/2

[Event "5eme Open de St Chely d'Aubrac"]
[Site "St-Chely d'Aubrac"]
[Date "2005.07.10"]
[Round "2.20"]
[White "Gazel, Bruno"]
[Black "Dury, Renaud"]
[Result "1/2-1/2"]
[WhiteElo "1550"]
[BlackElo "1770"]
[PlyCount "72"]
[EventDate "2005.07.??"]

1. e4 c6 2. d4 d5 3. exd5 cxd5 4. Nf3 Bg4 5. Bd3 Nc6 6. c3 Nf6 7. Bf4 e6 8.
Nbd2 Bd6 9. Bxd6 Qxd6 10. Qa4 Bxf3 11. Nxf3 O-O 12. O-O a6 13. Qc2 b5 14. a3
Rfc8 15. Qe2 Na5 16. Ne5 Nc4 17. f4 g6 18. g4 Nd7 19. Rf2 Ndxe5 20. fxe5 Qe7
21. Bxc4 bxc4 22. Raf1 Ra7 23. Qf3 Rb8 24. Rd2 Rab7 25. Rff2 Rb3 26. h3 R8b7
27. Kh2 Qd8 28. Qg2 Qb8 29. g5 Kf8 30. h4 Ke7 31. Kg1 Qh8 32. Qf3 Ke8 33. Qf6
Qxf6 34. gxf6 Rb8 35. Kg2 Kd7 36. Kg3 a5 1/2-1/2

[Event "5eme Open de St Chely d'Aubrac"]
[Site "St-Chely d'Aubrac"]
[Date "2005.07.10"]
[Round "2.21"]
[White "Grezes, Yves"]
[Black "Casasnovas, Vincent"]
[Result "1-0"]
[WhiteElo "1760"]
[BlackElo "1530"]
[PlyCount "71"]
[EventDate "2005.07.??"]

1. e4 d6 2. d4 Nf6 3. Nc3 c6 4. Be2 Nbd7 5. Nf3 e5 6. O-O Be7 7. b3 exd4 8.
Nxd4 Nc5 9. f3 O-O 10. Kh1 Re8 11. a3 Ne6 12. Be3 a6 13. Nf5 Bf8 14. Qd2 Qc7
15. Rad1 Rd8 16. Na4 c5 17. c3 g6 18. Bg5 Nxg5 19. Qxg5 Bxf5 20. exf5 Bg7 21.
fxg6 hxg6 22. Nb2 Nd7 23. Nc4 Bf6 24. Qg3 Ne5 25. f4 Nxc4 26. Bxc4 b5 27. Bd5
Rab8 28. f5 g5 29. h4 Qe7 30. Rde1 Be5 31. Qg4 Kf8 32. f6 Qd7 33. Qxg5 Bxf6 34.
Rxf6 Re8 35. Qh6+ Kg8 36. Rg6# 1-0

[Event "5eme Open de St Chely d'Aubrac"]
[Site "St-Chely d'Aubrac"]
[Date "2005.07.10"]
[Round "2.22"]
[White "Cremers, Bertrand"]
[Black "Lepere, Philippe"]
[Result "0-1"]
[WhiteElo "1510"]
[BlackElo "1740"]
[PlyCount "108"]
[EventDate "2005.07.??"]

1. e4 e5 2. Nf3 d6 3. d4 Nd7 4. Nc3 Ngf6 5. Bc4 Be7 6. O-O c6 7. Re1 O-O 8. Bg5
Qb6 9. Bb3 h6 10. Bh4 Qc7 11. Qe2 g5 12. Nxg5 hxg5 13. Bxg5 exd4 14. Nd1 Ne5
15. h3 Nh7 16. Bh6 Be6 17. Bxf8 Rxf8 18. f4 Nd7 19. Nf2 d5 20. f5 Bxf5 21. exf5
Bc5 22. Nd3 Bb6 23. Qg4+ Kh8 24. Kh1 Ndf6 25. Qf4 Qc8 26. c4 dxc3 27. bxc3 Bc7
28. Qh6 Ne4 29. f6 Rg8 30. Rxe4 dxe4 31. Nf4 Qf5 32. Bxf7 Qxf4 33. Qxf4 Bxf4
34. Bxg8 Kxg8 35. Rf1 Bd2 36. f7+ Kf8 37. c4 e3 38. Rd1 e2 39. Rb1 e1=Q+ 40.
Rxe1 Bxe1 41. Kg1 Kxf7 42. Kf1 Bg3 43. Ke2 Ke6 44. Kf3 Be5 45. g4 Ng5+ 46. Kg2
Nxh3 47. Kxh3 Kd6 48. g5 Kc5 49. g6 Kxc4 50. Kg4 Kc3 51. Kf5 Bd4 52. Ke6 b5 53.
Kf7 Kb2 54. g7 Bxg7 0-1

[Event "5eme Open de St Chely d'Aubrac"]
[Site "St-Chely d'Aubrac"]
[Date "2005.07.10"]
[Round "2.23"]
[White "Sidibe, Malika"]
[Black "Carabetta, Gaetan"]
[Result "1-0"]
[WhiteElo "1730"]
[BlackElo "1480"]
[PlyCount "89"]
[EventDate "2005.07.??"]

1. Nf3 c6 2. c4 d5 3. e3 Nf6 4. b3 Bg4 5. Be2 Nbd7 6. Bb2 Bxf3 7. Bxf3 e5 8. d3
Bb4+ 9. Bc3 Qa5 10. Bxb4 Qxb4+ 11. Qd2 Qxd2+ 12. Nxd2 O-O 13. Rc1 Rac8 14. O-O
Rfe8 15. Be2 e4 16. cxd5 cxd5 17. dxe4 Rxc1 18. Rxc1 Nxe4 19. Nxe4 dxe4 {(=)}
20. Bb5 Rd8 21. Bxd7 h6 22. Rc8 Rxc8 23. Bxc8 b6 24. Bf5 g6 25. Bxe4 Kg7 26.
Kf1 f5 27. Bc6 Kf6 28. Ke2 Ke6 29. Kd3 Kd6 30. Be8 g5 31. Kd4 a6 32. Bg6 Ke6
33. e4 f4 34. Bf5+ Kf6 35. Kd5 a5 36. Kd6 b5 37. Bd7 a4 38. e5+ Kf7 39. e6+ Kf6
40. e7 axb3 41. axb3 b4 42. e8=Q Kg7 43. Be6 h5 44. Qf7+ Kh6 45. Bf5 1-0

[Event "5eme Open de St Chely d'Aubrac"]
[Site "St-Chely d'Aubrac"]
[Date "2005.07.10"]
[Round "2.24"]
[White "Capron, Michel"]
[Black "Perrin, Yannick"]
[Result "0-1"]
[WhiteElo "1400"]
[BlackElo "1720"]
[PlyCount "64"]
[EventDate "2005.07.??"]

1. e4 e5 2. Nf3 Nc6 3. Bc4 Nf6 4. Nc3 Bb4 5. d4 exd4 6. Nxd4 O-O 7. Bg5 h6 8.
Bh4 Ne5 9. Bd3 Ng6 10. g3 Nxh4 11. gxh4 Re8 12. a3 Bxc3+ 13. bxc3 Nxe4 14. O-O
d5 15. Qh5 Bh3 16. Rfe1 Qf6 17. f3 Nxc3 18. Nf5 Ne2+ 19. Rxe2 Qxa1+ 20. Kf2
Qf1+ 21. Kg3 Rxe2 22. Nxh6+ gxh6 23. Bh7+ Kxh7 24. Qxf7+ Kh8 25. Qf6+ Kg8 26.
Qg6+ Kf8 27. Qxh6+ Ke7 28. Qg7+ Kd6 29. Qf6+ Re6 30. Qf4+ Kd7 31. Qf7+ Kc6 32.
Qxe6+ Bxe6 0-1

[Event "5eme Open de St Chely d'Aubrac"]
[Site "St-Chely d'Aubrac"]
[Date "2005.07.10"]
[Round "2.25"]
[White "Lassis, Patrick"]
[Black "Trzesniower, Jacques"]
[Result "1-0"]
[WhiteElo "1710"]
[BlackElo "1430"]
[PlyCount "129"]
[EventDate "2005.07.??"]

1. Nf3 Nf6 2. d4 g6 3. c3 Bg7 4. e3 d6 5. Nbd2 O-O 6. Be2 Bf5 7. Qb3 Qc8 8. O-O
Nc6 9. Qd1 Re8 10. Nb3 e5 11. d5 Ne7 12. c4 Qd8 13. Nh4 Bd7 14. a4 Nf5 15. Nxf5
Bxf5 16. f3 h5 17. e4 Bd7 18. Bg5 Qc8 19. Qe1 Nh7 20. Be3 b6 21. a5 Nf6 22. Qd2
Kh7 23. axb6 cxb6 24. Qb4 Qc7 25. Rfc1 Reb8 26. Qe1 Qd8 27. Bg5 Bh6 28. Qh4
Bxg5 29. Qxg5 Ng8 30. Qxd8 Rxd8 31. Nd2 Ne7 32. Ra3 a5 33. Rca1 Ra7 34. b4 Rda8
35. b5 f5 36. h3 f4 37. Kf2 g5 38. g3 Ng6 39. g4 hxg4 40. hxg4 Kg7 41. Rh1 Rh8
42. Raa1 Raa8 43. Bd3 Rxh1 44. Rxh1 a4 45. Nb1 a3 46. Nc3 Be8 47. Ra1 Nf8 48.
Bc2 Nd7 49. Na4 Rc8 50. Bb3 Nc5 51. Nxc5 dxc5 52. Rxa3 Rc7 53. Ra8 Bd7 54. Rb8
Ra7 55. Rxb6 Kf7 56. Rh6 Kg7 57. Rh1 Ra3 58. Rb1 Ra8 59. Ke2 Rh8 60. Ra1 Bxg4
61. fxg4 Rf8 62. Ra7+ Kg8 63. b6 f3+ 64. Kf2 Rb8 65. b7 1-0

[Event "5eme Open de St Chely d'Aubrac"]
[Site "St-Chely d'Aubrac"]
[Date "2005.07.10"]
[Round "2.26"]
[White "Corbet, Philippe"]
[Black "Lengert, Vincent"]
[Result "0-1"]
[WhiteElo "1350"]
[BlackElo "1710"]
[PlyCount "52"]
[EventDate "2005.07.??"]

1. e4 e5 2. Bc4 Nf6 3. Nc3 Bc5 4. d3 h6 5. f4 exf4 6. Bxf4 d6 7. h3 c6 8. Qf3
Bb4 9. d4 Bxc3+ 10. bxc3 O-O 11. g4 Nxe4 12. Ne2 Re8 13. h4 d5 14. Bd3 Nxc3 15.
g5 Nxe2 16. Bxe2 Bf5 17. gxh6 g6 18. h5 Be4 19. h7+ Kg7 20. Be5+ Rxe5 21. h6+
Kh8 22. Qxf7 Re7 23. Qf6+ Kxh7 24. Rg1 Bxc2 25. Kf1 Qe8 26. Bh5 Rf7 0-1

[Event "5eme Open de St Chely d'Aubrac"]
[Site "St-Chely d'Aubrac"]
[Date "2005.07.10"]
[Round "2.27"]
[White "Luc, Rene"]
[Black "Karsenty, Madeleine"]
[Result "1-0"]
[WhiteElo "1690"]
[BlackElo "1380"]
[PlyCount "103"]
[EventDate "2005.07.??"]

1. c4 e5 2. Nc3 Nf6 3. d3 Be7 4. Nf3 d6 5. Nd5 Nxd5 6. cxd5 Nd7 7. e4 O-O 8. h4
a5 9. Ng5 Nf6 10. Be2 b6 11. Nh3 Bd7 12. g4 Qc8 13. Bg5 Re8 14. Bxf6 Bxf6 15.
g5 Be7 16. Ng1 Qa6 17. d4 Bb5 18. dxe5 Bxe2 19. Qxe2 Qxe2+ 20. Kxe2 dxe5 21.
Rc1 Bc5 22. Nf3 Rac8 23. h5 c6 24. dxc6 Rxc6 25. Nd2 Rec8 26. b3 Bb4 27. Rxc6
Rxc6 28. Nc4 f6 29. gxf6 gxf6 30. Ne3 Kf7 31. Rg1 Bf8 32. Rd1 Rc7 33. Nd5 Rb7
34. Rc1 Bc5 35. f3 Ke6 36. a4 f5 37. Ne3 fxe4 38. fxe4 Rg7 39. Rf1 Rg3 40. Rf3
Rg1 41. Nc4 Rh1 42. Rf5 Rh3 43. Rxe5+ Kf6 44. Rf5+ Ke6 45. Nd2 Bb4 46. Nf3 Rh1
47. Nd4+ Kd6 48. Rd5+ Ke7 49. Nc6+ Ke6 50. Nxb4 axb4 51. Rb5 Rh3 52. Rxb6+ 1-0

[Event "5eme Open de St Chely d'Aubrac"]
[Site "St-Chely d'Aubrac"]
[Date "2005.07.10"]
[Round "2.29"]
[White "Desboeufs, Claude"]
[Black "Ruetsch, Johan"]
[Result "0-1"]
[WhiteElo "1599"]
[BlackElo "1270"]
[PlyCount "114"]
[EventDate "2005.07.??"]

1. c4 e5 2. Nc3 Nf6 3. Nf3 Nc6 4. g3 d5 5. cxd5 Nxd5 6. Bg2 Bc5 7. O-O O-O 8.
Qb3 Be6 9. Qxb7 Nxc3 10. Qxc6 Nxe2+ 11. Kh1 Nxc1 12. Qxc5 Nd3 13. Qc3 e4 14.
Ne5 Nxe5 15. Qxe5 Qxd2 16. Bxe4 Rab8 17. b3 Bh3 18. Bg2 Rfe8 19. Qxc7 Bxg2+ 20.
Kxg2 Qd5+ 21. Kg1 a5 22. Rad1 Qb5 23. Rd7 Rf8 24. Rfd1 h6 25. R1d5 Qe2 26. Qxa5
Rbc8 27. Rc7 Rxc7 28. Qxc7 Qe1+ 29. Kg2 Qe4+ 30. Kf1 Qxd5 31. Qc2 Qb5+ 32. Kg2
Qb7+ 33. f3 Rc8 34. Qd3 Qa7 35. a4 Qb6 36. Qd5 Rc2+ 37. Kh1 Qe6 38. Qd8+ Kh7
39. Qd3+ Qg6 40. Qd1 Rb2 41. Qd4 Qb1+ 42. Qg1 Qxg1+ 43. Kxg1 Rxb3 44. Kf2 Ra3
45. h4 Rxa4 46. Ke3 h5 47. f4 f6 48. f5 g5 49. fxg6+ Kxg6 50. Kf3 Kf5 51. Kg2
Kg4 52. Kf2 Ra3 53. Kg2 Rxg3+ 54. Kf2 Ra3 55. Kg2 Ra2+ 56. Kf1 Kf3 57. Ke1 Rh2
0-1

[Event "5ème Open de St Chély d'Aubrac"]
[Site "St-Chély d'Aubrac"]
[Date "2005.07.11"]
[Round "3.1"]
[White "Karpatchev, Alexandr"]
[Black "Coste, Thierry"]
[Result "1-0"]
[WhiteElo "2487"]
[BlackElo "2200"]
[PlyCount "49"]
[EventDate "2005.07.??"]

1. e4 c5 2. Nf3 Nc6 3. c3 d5 4. exd5 Qxd5 5. d4 Bg4 6. Be2 O-O-O 7. h3 Bxf3 8.
Bxf3 Qe6+ 9. Be3 cxd4 10. cxd4 Nxd4 11. O-O Qd6 12. Bxd4 Qxd4 13. Qc2+ Kb8 14.
Rd1 Qb6 15. Rxd8+ Qxd8 16. Nc3 e6 17. Rd1 Qc8 18. Qa4 Nf6 19. Nb5 Bc5 20. Qf4+
Ka8 21. Nc7+ Kb8 22. Nxe6+ Ka8 23. Nc7+ Kb8 24. Nb5+ Ka8 25. Rc1 1-0

[Event "5ème Open de St Chély d'Aubrac"]
[Site "St-Chély d'Aubrac"]
[Date "2005.07.11"]
[Round "3.3"]
[White "Riff, Jean-Noel"]
[Black "Chaplin, Erik"]
[Result "1-0"]
[WhiteElo "2416"]
[BlackElo "2148"]
[PlyCount "69"]
[EventDate "2005.07.??"]

1. e4 Nc6 2. Nf3 Nf6 3. e5 Nd5 4. d4 d6 5. c4 Nb6 6. exd6 exd6 7. Be2 Be7 8.
Be3 O-O 9. O-O Bg4 10. Nbd2 Re8 11. Re1 Bf6 12. Qb3 a5 13. a3 a4 14. Qc2 d5 15.
c5 Nd7 16. Bb5 Re6 17. Bxa4 Ne7 18. Bb3 Nf8 19. Bg5 Bxg5 20. Nxg5 Rg6 21. Ngf3
Bh3 22. g3 Ne6 23. Qc3 Nf5 24. Bc2 h5 25. Re5 Qf6 26. Rae1 c6 27. Bd3 h4 28.
Bxf5 Bxf5 29. Rxf5 Qxf5 30. Nxh4 Qf6 31. Nxg6 fxg6 32. Re5 g5 33. Qe3 Kf7 34.
Nf3 Rh8 35. Rxe6 1-0